El Comisario en las Sociedades Mercantiles 2017

Bibliographic Details
Main Author: Ruiz Rojas, Reň
Format: eBook
Language:Spanish
Published: Ciudad de Mx̌ico: Ediciones Fiscales ISEF, 2017
Subjects:
Online Access:Acceso restringido

MARC

LEADER 00000nam a22000007a 4500
005 20180224132917.0
007 cr|||| ||||
008 180224s2017 mx |||||s|||| 00||0 spa d
020 |a 978-607-406-959-4 
035 |a 21001 
040 |a vLex 
090 |c 7402  |d 7402 
100 1 |a Ruiz Rojas, Reň 
245 1 2 |a El Comisario en las Sociedades Mercantiles 2017  |h [Recurso electrn̤ico] /  |c Ren ̌Ruiz Rojas 
256 |a Servicio en ln̕ea 
260 |a Ciudad de Mx̌ico:  |b Ediciones Fiscales ISEF,  |c 2017 
300 |a 1 recurso electrn̤ico 
500 |a El compromiso del cargo de un COMISARIO en las sociedades Mercantiles, tiene una connotacin̤ profesional, porque se constituye el ente que otorga confianza a los inversionistas que conocen a travš de ľ, la eficacia y eficiencia con que se conducen las personas que administran la empresa mercantil, por ende, deseamos que esta obra contribya a cambiar el arquetipo que se tiene de ser sl̤o un requisito constitutivo y se le aprecie como una labor que dar ̀certeza de los actos al saber que alguien administra la empresa y otro supervisa esta gestin̤. 
506 1 |a Disponible solo en los productos indicados  |d vLex Global  |d vLex Global (Academic Edition, excluding Law Schools)  |d vLex Global (U.S. Academic Edition, Law Schools)  |d vLex Global (U.S. Academic Edition, excluding Law Schools)  |d vLex Global (Academic Edition, Law Schools) 
650 0 4 |a Derecho Mercantil y de la Empresa  |z Mx̌ico 
740 0 |a vLex Libros (Servicio en ln̕ea) 
856 4 0 |u http://vlex.com/source/comisario-en-las-sociedades-mercantiles-2017-21001  |z Acceso restringido 
942 |c BOOK 
999 0 |a Commercial and Company Law